|
|
|
|
| LEADER |
00717cam a2200205 7i4500 |
| 001 |
0000005209 |
| 005 |
20170218090000.0 |
| 020 |
|
|
|a 0787947644 (hbk.)
|
| 090 |
0 |
0 |
|a HD31
|b .F53 1999
|
| 100 |
1 |
|
|a Flaherty, John E
|
| 245 |
1 |
0 |
|a Peter Drucker :
|b shaping the managerial mind
|c John E. Flaherty.
|
| 250 |
|
|
|a 1st ed.
|
| 260 |
|
|
|a San Francisco:
|b Jossey-Bass,
|c 1999.
|
| 300 |
|
|
|a xii, 445 p.;
|c 25 cm.
|
| 504 |
|
|
|a Includes bibliographical references (p. 415-419) and index
|
| 600 |
1 |
0 |
|a Drucker, Peter Ferdinand
|
| 650 |
0 |
0 |
|a Industrial management
|
| 997 |
|
|
|a Business & Accountancy, Faculty
|
| 999 |
|
|
|a 0000002891
|b BOK
|c OPEN SHELF
|e 1st Floor, Bestari Jaya
|
| 999 |
|
|
|a 0000028206
|b BOK
|c OPEN SHELF
|e 1st Floor, Shah Alam
|